It looks like you're offline.
Open Library logo
additional options menu

MARC record from Internet Archive

LEADER: 03067cam 2200505Mi 4500
001 ocn795439905
003 OCoLC
005 20221012061042.0
008 120228s2012 fr a 000 j fre
040 $aBDF$bfre$encafnor$cBDF$dCA7GT$dOCLCQ$dLVB
015 $a01220963$2bnf
016 7 $aFRBNF426121280000003$2FrPBN
016 7 $aFRBNF434617380000002$2FrPBN
020 $a9782747040334$q(br)
020 $a274704033X$q(br)
035 $a(OCoLC)795439905
041 1 $afre$heng
082 04 $a818/.54 B391a
100 1 $aBechard, Margaret.$4aut$0(FrPBN)14525188
240 10 $aHanging on to Max.$lFrançais
245 10 $aAccroche-toi, Sam! /$cMargaret Bechard ; traduit de l'anglais (États-Unis) par Sidonie Van Den Dries.
250 $a5e éd.
260 $aParis :$bBayard jeunesse,$cimpr. 2012$e(72-La Flèche :$fImpr. CPI Brodard & Taupin)
300 $a1 vol. (262 p.) :$bcouv. ill. en coul. ;$c20 cm.
336 $atexte$btxt$2rdacontent/fre
337 $asans médiation$bn$2rdamedia/fre
490 0 $aMillézime
520 8 $aRéédition. Sam, 17 ans, s'occupe seul de son fils depuis près d'un an déjà. Malgré la fatigue, il arrive tant bien que mal à conjuguer son rôle de papa et ses études, qu'il poursuit dans un collège alternatif (exclusivement destiné aux parents adolescents). Son père a accepté d'assumer les frais financiers jusqu'à ce que Sam termine son secondaire, mais sitôt ce dernier terminé, le jeune homme devra se trouver un emploi et le rembourser. Le temps passe et Sam accepte difficilement d'abandonner son rêve d'entrer à l'université, regrette le temps où il pouvait passer des soirées entre copains et ne se sent pas à la hauteur en tant que père. Tout au long du roman, une belle complicité se développe entre lui et sa copine Claire, mère d'une petite fille, qui les voit déjà comme une famille. Pourtant, à la toute fin du roman, Sam décide de confier son enfant à l'adoption sans en dévoiler explicitement les raisons. [SDM].
520 1 $aUn récit dont le dénouement hâtif laisse perplexe après tant de pages écoulées à broder autour du thème de l'amour filial. [SDM].
650 6 $aPères adolescents$vRomans, nouvelles, etc.
650 6 $aPères et fils$vRomans, nouvelles, etc.
650 6 $aRoman adolescent.
650 7 $aPères adolescents$vRomans.$2vmj
650 7 $aPères et fils$vRomans.$2vmj
700 1 $aVan den Dries, Sidonie.$4trl$0(FrPBN)13518667
760 0 $tMillézime,$d2012$x1639-5751$w(FrPBN)38974971
856 42 $3Notice et cote du catalogue de la Bibliothèque nationale de France$uhttp://catalogue.bnf.fr/ark:/12148/cb426121284
856 42 $3Notice et cote du catalogue de la Bibliothèque nationale de France$uhttp://catalogue.bnf.fr/ark:/12148/cb43461738p
886 1 $2intermrc$a009$ba--f---------------
886 2 $2intermrc$a680$b0-$a803$b803
029 0 $aBDF$bFRBNF426121280000003
029 1 $aBDF$bFRBNF434617380000002
029 1 $aZWZ$b160699290
994 $aZ0$bGTX
948 $hNO HOLDINGS IN GTX - 11 OTHER HOLDINGS